Obálka Náhled e-knihy:
PDF Epub
Pro půjčování e-knih musíte být přihlášeni.
Jak si půjčit online?

Bez duše /

Detektivní román se svérázným vyšetřovatelem - knihkupcem a bývalým policejním kapitánem Matějem, pomáhajícím po nocích lidem v obtížných životních situacích. Nová Matějova klientka však přinese s fatálními problémy i fatální potíže.

Uloženo v:
Série:Matěj Mlynář, část 1
Hlavní autor: Stručovský, Martin, 1989- (Autor)
Médium: E-kniha
Jazyk:Czech
Vydáno: Praha : Motto, 2018
Vydání:Vydání první
Edice:Detektivka (Motto)
Témata:
Příbuzné jednotky:Z cyklu:: Matěj Mlynář
Tagy:
Žádné tagy
LEADER 03008nam a2200445 i 4500
001 310889
003 CZ PrSKC
005 20260601215656.0
007 ta
008 180220s2018 xr g 000 f cze
015 |a cnb002981088 
020 |a 9788026710813  |q (vázáno) :  |c Kč 249,00 
035 |a (OCoLC)1031046623 
040 |a OLA001  |b cze  |e rda 
072 7 |a 821.162.3-3  |x Česká próza  |2 Konspekt 
080 |a 821.162.3-31  |2 MRF 
080 |a (0:82-312.4)  |2 MRF 
100 1 |a Stručovský, Martin,  |d 1989-  |7 xx0085226  |4 aut 
245 1 0 |a Bez duše /  |c Martin Stručovský 
250 |a Vydání první 
264 1 |a Praha :  |b Motto,  |c 2018 
300 |a 277 stran ;  |c 22 cm 
336 |a text  |b txt  |2 rdacontent 
337 |a bez média  |b n  |2 rdamedia 
338 |a svazek  |b nc  |2 rdacarrier 
490 1 |a Detektivka 
520 2 |a Detektivní román se svérázným vyšetřovatelem - knihkupcem a bývalým policejním kapitánem Matějem, pomáhajícím po nocích lidem v obtížných životních situacích. Nová Matějova klientka však přinese s fatálními problémy i fatální potíže. 
520 2 |a Matěj Mlynář nosí přes den tvář solidního knihkupce, aby v noci pozměnil životní styl a stal se ochráncem lidí se zásadními potížemi, soukromým vyšetřovatelem bez oficiální licence. Dříve přední policejní vyšetřovatel po těžkých životních zkouškách vychovává svou dospívající dceru Terezu a angažuje se v rodinném knihkupectví. Jeho touha po spravedlnosti ho však vede ke "druhé práci" neobvyklého soukromého očka. Zatím se mu celkem daří, ovšem ve chvíli, kdy ho osloví mladá žena Marta Kučerová se zdánlivě obvyklým problémem, nastanou horké a nebezpečné chvilky. Martu údajně obtěžuje neustále její bývalý přítel, který neunesl rozchod. Ovšem rutinní práce se pro Matěje velmi brzy stane drsným bojem bez pravidel o zachování života a v krásném prostředí kouzelného Jindřichova Hradce vyplavou na povrch těžké zločiny lidí bez skrupulí a zřejmě i bez duše. Autor nechává v závěru otevřená dvířka pro další pokračování detektivních příběhů se sympatickým hrdinou. 
655 7 |a české romány  |7 fd133974  |2 czenas 
655 7 |a detektivní romány  |7 fd132010  |2 czenas 
655 9 |a Czech fiction  |2 eczenas 
655 9 |a detective novels  |2 eczenas 
787 0 8 |i Z cyklu:  |t Matěj Mlynář  |g 1 
830 0 |a Detektivka (Motto) 
900 |a ABA001  |b 21 
928 9 |a Albatros Media - Motto 
044 |a xr 
910 |a RBIT002 
998 |d 178067  |a https://core.palmknihy.cz/api/books/178067/cover?p74hm7  |b https://core.palmknihy.cz/api/books/178067/cover/400?p74hm7  |c https://core.palmknihy.cz/api/books/178067/cover/50?p74hm7  |e 2026-12-31  |g 280  |i 9788026710813  |j https://core.palmknihy.cz/api/books/178067/preview.epub  |k https://core.palmknihy.cz/api/books/178067/preview.pdf  |l   |q 49  |r 1  |s https://www.palmknihy.cz/kniha/178067  |t ebook  |y 2018  |z 0  |v Matěj Mlynář  |w 1 
999 |d 310887